Antologa̕ El Proceso Penal contemporǹeo /

Bibliographic Details
Main Author: J. Maier, Julio B.
Format: eBook
Language:Spanish
Published: Lima : Editorial Palestra, 2008
Subjects:
Online Access:Acceso restringido

MARC

LEADER 00000nam a22000007a 4500
005 20120626162338.0
007 cr|||| ||||
008 120626s2008 pe |||||s|||| 00||0 spa d
020 |a 978-9972-224-72-0 
035 |a 6468 
040 |a vLex 
090 |c 3247  |d 3247 
100 1 |a  J. Maier, Julio B. 
245 1 0 |a Antologa̕  |h [Recurso electrn̤ico] :  |b El Proceso Penal contemporǹeo /  |c Julio B. J. Maier  
256 |a Servicio en ln̕ea 
260 |a Lima :  |b Editorial Palestra,   |c 2008 
300 |a 1 recurso electrn̤ico 
506 1 |a Contenido solo disponible en los productos indicados  |d vLex Global   |d vLex Global (Academic Edition, excluding Law Schools)   |d vLex Global (U.S. Academic Edition, Law Schools)   |d vLex Global (U.S. Academic Edition, excluding Law Schools)   |d vLex Global (Academic Edition, Law Schools)  
650 0 4 |a Procedimiento penal  |z Per︢ 
740 0 |a vLex Libros (Servicio en ln̕ea) 
856 4 0 |u http://vlex.com/source/antologia-proceso-penal-contemporaneo-6468  |z Acceso restringido 
942 |c BOOK 
999 0 |a Criminal procedure